000 00665nam a2200181Ia 4500
003 GCL
008 140319s9999 xx 000 0 ara d
040 _aGCL /
_cGCL
082 0 4 _a811.094
_bا م
100 1 _aابراهيم شكرالله
245 1 0 _aمواقف العشق والهوان وطيور البحر: شعر (هديةمن الاديب عبدالفتاح الجمل) /
_cابراهيم شكرالله
300 _a128 ص
490 _aالهيئة العامة للاستعلامات
_v0
650 0 4 _aالشعر العربى
650 0 4 _aالادب العربى
650 0 4 _aالشعر العربى - العصر الحديث
942 _2ddc
_cBK
999 _c47668
_d47668